LIBRARY ONLINE CATALOGUE

Microeconomics : (Record no. 11002)

MARC details
000 -LEADER
fixed length control field 00685cam a22002292 4500
001 - CONTROL NUMBER
control field 0000009169
005 - DATE AND TIME OF LATEST TRANSACTION
control field 20151217154409.0
008 - FIXED-LENGTH DATA ELEMENTS--GENERAL INFORMATION
fixed length control field 080910s xx 000 0 eng d
020 ## - INTERNATIONAL STANDARD BOOK NUMBER
International Standard Book Number 0072875615
040 ## - CATALOGING SOURCE
Original cataloging agency KABU
Transcribing agency KABU
050 #0 - LIBRARY OF CONGRESS CALL NUMBER
Classification number HB172
Item number .M33 2005
100 1# - MAIN ENTRY--PERSONAL NAME
Personal name McConnell, Campbell R.
-- 0000105653
245 10 - TITLE STATEMENT
Title Microeconomics :
Remainder of title principles, problems and policies /
Statement of responsibility, etc. C. R. McConnell, S. L. Bruce.
250 ## - EDITION STATEMENT
Edition statement 16th ed.
260 ## - PUBLICATION, DISTRIBUTION, ETC. (IMPRINT)
Place of publication, distribution, etc. Boston :
Name of publisher, distributor, etc. McGraw-Hill,
Date of publication, distribution, etc. 2005.
300 ## - PHYSICAL DESCRIPTION
Extent xxii, 487 p.
650 #0 - SUBJECT ADDED ENTRY--TOPICAL TERM
Topical term or geographic name as entry element Microeconomics.
-- 0000149944
700 1# - ADDED ENTRY--PERSONAL NAME
Personal name Bruce, S. L.
-- 0000160247
908 ## - PUT COMMAND PARAMETER (RLIN)
Put command parameter 080910
950 ## - LOCAL HOLDINGS (RLIN)
-- 1
Holdings
Withdrawn status Lost status Source of classification or shelving scheme Not for loan Home library Current library Date acquired Total Checkouts Total Renewals Full call number Barcode Date last seen Date last checked out Price effective from Koha item type
    Library of Congress Classification   Kabarak, Main Campus Kabarak, Main Campus 17/12/2015 7 1 HB172 .M33 2005 c. 1 009068 02/08/2024 01/12/2021 17/12/2015 General Collection